|
|
|
|
| LEADER |
01986nam a2200541 i 4500 |
| 001 |
nkc20243584841 |
| 003 |
CZ PrNK |
| 005 |
20240312101654.0 |
| 007 |
ta |
| 008 |
240123s2023 xr a f 001 0 cze |
| 015 |
|
|
|a cnb003584841
|
| 020 |
|
|
|a 978-80-7460-224-5
|q (brožováno)
|
| 035 |
|
|
|a (OCoLC)1425860603
|
| 040 |
|
|
|a BOA001
|b cze
|d ABA001
|e rda
|
| 041 |
0 |
|
|a cze
|b cze
|b eng
|
| 072 |
|
7 |
|a 781
|x Hudební teorie
|2 Konspekt
|9 9
|
| 080 |
|
|
|a 781.65
|2 MRF
|
| 080 |
|
|
|a 78.02
|2 MRF
|
| 080 |
|
|
|a 78.07
|2 MRF
|
| 080 |
|
|
|a 781
|2 MRF
|
| 080 |
|
|
|a (048.8)
|2 MRF
|
| 100 |
1 |
|
|a Zlámal, Pavel,
|d 1980-
|7 mzk2016907495
|4 aut
|
| 245 |
1 |
0 |
|a Divergent conduction :
|b systém dirigentských gest autorského ansámblu "Divergent Connections Orchestra" v kontextu současné improvizované hudby /
|c Pavel Zlámal
|
| 250 |
|
|
|a Vydání první
|
| 264 |
|
1 |
|a Brno :
|b JAMU,
|c 2023
|
| 300 |
|
|
|a 124 stran :
|b ilustrace ;
|c 25 cm
|
| 336 |
|
|
|a text
|b txt
|2 rdacontent
|
| 337 |
|
|
|a bez média
|b n
|2 rdamedia
|
| 338 |
|
|
|a svazek
|b nc
|2 rdacarrier
|
| 504 |
|
|
|a Obsahuje bibliografii, bibliografické odkazy a rejstřík
|
| 546 |
|
|
|a Český text, české a anglické resumé
|
| 650 |
0 |
7 |
|a hudební improvizace
|7 ph120906
|2 czenas
|
| 650 |
0 |
7 |
|a hudební kompozice
|7 ph120912
|2 czenas
|
| 650 |
0 |
7 |
|a dirigování
|7 ph119474
|2 czenas
|
| 650 |
0 |
7 |
|a hudební teorie
|7 ph114727
|2 czenas
|
| 650 |
0 |
9 |
|a improvisation (music)
|2 eczenas
|
| 650 |
0 |
9 |
|a composition (music)
|2 eczenas
|
| 650 |
0 |
9 |
|a conducting
|2 eczenas
|
| 650 |
0 |
9 |
|a music theory
|2 eczenas
|
| 655 |
|
7 |
|a monografie
|7 fd132842
|2 czenas
|
| 655 |
|
9 |
|a monographs
|2 eczenas
|
| 910 |
2 |
|
|a BOA001
|b 2-1519.535
|
| 928 |
9 |
|
|a Janáčkova akademie múzických umění
|
| 990 |
|
|
|a BK
|
| 995 |
|
|
|a 01
|
| 991 |
|
|
|b 202402
|c NOV
|
| 996 |
6 |
|
|b 2610960192
|c 2-1519.535
|l MZK
|r Sklad / do 1 hodiny
|n 0
|p p.v.
|w 001952184
|u 000010
|a 1
|e BOA001
|j MZK50
|s P
|
| 996 |
7 |
|
|b 2610960193
|c 2-1519.535
|l MZK
|r Sklad / do 1 hodiny
|n 0
|p p.v.
|w 001952184
|u 000020
|a 1
|e BOA001
|j MZK50
|s A
|